Příručka němčiny pro české lékaře v zahraničí /

Hlavní autor: Lukáč, Ondřej, 1993-
Jazyk: Němčina
Čeština
Vydáno: Praha : Galén, [2023]
Vydání: První vydání
Témata:
Fyzický popis: 226 stran : ilustrace ; 20 cm
Knihy
Uloženo v:
LEADER 02082cam a2200601 i 4500
001 nkc20233523212
003 CZ PrNK
005 20231206085633.0
007 ta
008 230511t20232023xr a f f 000 0 cze d
015 |a cnb003523212 
020 |a 978-80-7492-644-0  |q (brožováno) 
035 |a (OCoLC)1396730229 
040 |a KLG001  |b cze  |d BOA001  |e rda 
041 0 |a cze  |a ger 
072 7 |a 61  |x Lékařské vědy. Lékařství  |2 Konspekt  |9 14 
072 7 |a 811.112.2  |x Němčina  |2 Konspekt  |9 11 
080 |a 61  |2 MRF 
080 |a 811.112.2  |2 MRF 
080 |a 811.162.3  |2 MRF 
080 |a 61:001.4  |2 MRF 
080 |a 81'24'373.46  |2 MRF 
080 |a (035)  |2 MRF 
100 1 |a Lukáč, Ondřej,  |d 1993-  |7 jo20231196542  |4 aut 
245 1 0 |a Příručka němčiny pro české lékaře v zahraničí /  |c Ondřej Lukáč et al. 
250 |a První vydání 
264 1 |a Praha :  |b Galén,  |c [2023] 
264 4 |c ©2023 
300 |a 226 stran :  |b ilustrace ;  |c 20 cm 
336 |a text  |b txt  |2 rdacontent 
337 |a bez média  |b n  |2 rdamedia 
338 |a svazek  |b nc  |2 rdacarrier 
500 |a Terminologický slovník 
521 8 |a Určeno odborné veřejnosti 
650 0 7 |a lékařství  |7 ph115195  |2 czenas 
650 0 7 |a němčina  |7 ph115512  |2 czenas 
650 0 7 |a čeština  |7 ph135292  |2 czenas 
650 0 7 |a lékařská terminologie  |7 ph301353  |2 czenas 
650 0 7 |a oborová konverzace  |7 ph166080  |2 czenas 
650 0 9 |a medicine  |2 eczenas 
650 0 9 |a German language  |2 eczenas 
650 0 9 |a Czech language  |2 eczenas 
650 0 9 |a medical terminology  |2 eczenas 
650 0 9 |a conversation, terms and phrases (professional)  |2 eczenas 
655 7 |a příručky  |7 fd133209  |2 czenas 
655 9 |a handbooks and manuals  |2 eczenas 
910 2 |a BOA001  |b 1-1511.307 
920 |a 1426879  |z KLG001 
990 |a BK 
995 |a 01 
991 |b 202307  |c NOV 
996 6 |b 2610945013  |c 1-1511.307  |l MZK  |r Sklad / do 1 hodiny  |n 0  |p p.v.  |w 001933267  |u 000010  |a 1  |e BOA001  |j MZK50  |s P 
996 7 |b 2610945524  |c 1-1511.307  |l MZK  |r Sklad / do 1 hodiny  |n 1  |p kup  |w 001933267  |u 000020  |a 1  |e BOA001  |j MZK50  |s A